000 00933nam a2200241 a 4500
008 120416s1982 ||||||||||||||||| || u
020 _a0582300452
050 _aHD 111 Bry
100 _aBryant, C. R., 1945-
245 1 0 _aThe city's countryside
246 _aland and its management in the rural-urban fringe
260 _aLondon
_bLongman
_c1982
300 _axii, 249p. : ill.
350 _a0.00
500 _aIncludes index. -Bibliography: p. 226-245.
650 _aLAND
650 _aLand use--Management
650 _aREGINAL PLANNING
700 _aRusswurm, Lorne H
700 _aMcLellan, A. G
995 _aANNEX COLLECTION (Main Library)
_D0.00
_e707333
_FCBU-MAIN LIBRARY (Kitwe)
_H1
_I7.95
_jHD 111 Bry
_M1
_UAVAILABLE
_y004715
_ZAnnex Low-Usage Collection
995 _aANNEX COLLECTION (Main Library)
_D0.00
_e712376
_FCBU-MAIN LIBRARY (Kitwe)
_H2
_I7.95
_jHD 111 Bry
_M2
_UAVAILABLE
_y004716
_ZAnnex Low-Usage Collection
999 _c79357
_d79357